[Event "Offene Hessische Senioren Einzelmeisters"]
[Site "Bad Sooden- Allendorf"]
[Date "2013.04.27"]
[Round "8.66"]
[White "Voermans, Adri"]
[Black "Schmieder, Wolfgang"]
[Result "1-0"]
[WhiteElo "1756"]
[BlackElo "1586"]
[Annotator ",Microsoft"]
[PlyCount "63"]
[EventDate "2013.??.??"]
[WhiteTeam "Discendo Discimus"]
[BlackTeam "Kasseler SK 1876"]

1. d4 Nf6 2. c4 g6 3. Nc3 Bg7 4. e4 d6 5. f3 Nbd7 6. Be3 b6 7. Bd3 Bb7 8. Nge2
c5 9. O-O a6 10. a4 e5 11. d5 h5 12. Bg5 Qc7 13. Qd2 Nh7 14. Be3 h4 15. f4 f6
16. Rf3 O-O-O 17. Bf2 g5 18. fxg5 fxg5 19. Be3 Bh6 20. Rf5 Rdf8 21. Raf1 Rxf5
22. Rxf5 Rf8 $11 23. Nd1 Rxf5 24. exf5 Ndf6 25. Nf2 Qe7 26. Nc3 Kc7 27. Nce4
Qg7 28. a5 b5 29. cxb5 axb5 30. a6 Bxd5 31. Qa5+ Kb8 32. Nxd6 1-0

[Event "Offene Hessische Senioren Einzelmeisters"]
[Site "Bad Sooden- Allendorf"]
[Date "2013.04.27"]
[Round "8.67"]
[White "Samarian, Cornel"]
[Black "Liszka, Günter"]
[Result "1/2-1/2"]
[WhiteElo "1574"]
[BlackElo "1754"]
[Annotator ",Microsoft"]
[PlyCount "93"]
[EventDate "2013.??.??"]
[WhiteTeam "SC Pegasus Lohkirchen"]
[BlackTeam "Sportfreunde Katernberg 1913 e.V"]

1. d4 d5 2. c4 e6 3. Nc3 Nf6 4. Nf3 Nbd7 5. cxd5 exd5 6. Bg5 Bb4 7. a3 Be7 8.
e3 c6 9. Bd3 O-O 10. O-O Re8 11. h3 Qc7 12. Bf4 Bd6 13. Bxd6 Qxd6 14. Qc2 h6
15. Rfe1 Nf8 16. Ne5 N6d7 17. f4 Qf6 18. Ng4 Qh4 19. Qf2 Qxf2+ 20. Nxf2 Nf6 21.
b4 Bd7 22. a4 a6 23. a5 Re7 24. e4 dxe4 25. Ncxe4 Nxe4 26. Bxe4 Rae8 27. Kf1
Ne6 28. d5 cxd5 29. Bxd5 Bb5+ 30. Kg1 Nxf4 31. Rxe7 Rxe7 32. Be4 g6 33. Kh2 Kg7
34. Rc1 f5 35. Bf3 Nd3 36. Nxd3 Bxd3 37. Rc3 Be4 38. Kg3 Kf6 39. Rc5 g5 40. Kf2
Bxf3 41. gxf3 h5 42. Rc4 f4 43. Rc8 Re5 44. Rc4 Ke6 45. Rc2 Rb5 46. Re2+ Kd6
47. Rb2 {Rest Notation nicht lesbar} 1/2-1/2

[Event "Offene Hessische Senioren Einzelmeisters"]
[Site "Bad Sooden- Allendorf"]
[Date "2013.04.27"]
[Round "8.68"]
[White "Dombrowe, Eckehard"]
[Black "Rehder, Frank"]
[Result "1-0"]
[WhiteElo "1562"]
[BlackElo "1747"]
[PlyCount "93"]
[EventDate "2013.??.??"]
[WhiteTeam "SG Nettetal 1929"]
[BlackTeam "SC Zugzwang 95 e.V."]

1. d4 Nf6 2. Nf3 g6 3. c4 d6 4. Nc3 Bg7 5. e3 O-O 6. Be2 Nbd7 7. O-O e5 8. dxe5
dxe5 9. Qc2 c6 10. Rd1 Qe7 11. e4 h6 12. h3 Re8 13. Be3 Nf8 14. Rd2 g5 15. Nh2
Ng6 16. Rad1 Be6 17. b3 Nf4 18. Bf3 Rf8 19. Ng4 N6h5 20. Nh2 f6 21. Bg4 Bh8 22.
g3 Nxh3+ 23. Kg2 Bxg4 24. Nxg4 N3f4+ 25. gxf4 Qe6 26. f5 Qe8 27. Nxh6+ Kh7 28.
Ng4 Nf4+ 29. Bxf4 gxf4 30. f3 Bg7 31. Rd7 Rf7 32. Rxf7 Qxf7 33. Qd2 Re8 34. Qd7
Re7 35. Qd6 Kg8 36. Qb8+ Re8 37. Rd8 Rxd8 38. Qxd8+ Kh7 39. Qd6 Qg8 40. Qe7 Kh8
41. Ne2 b5 42. cxb5 cxb5 43. Kf2 Qc8 44. Qxa7 Bf8 45. Qf7 Bg7 46. Nxf6 Qc5+ 47.
Kf1 1-0

[Event "Offene Hessische Senioren Einzelmeisters"]
[Site "Bad Sooden- Allendorf"]
[Date "2013.04.27"]
[Round "8.69"]
[White "Daebel, Dr. Hasso"]
[Black "Ranker, Klemens"]
[Result "0-1"]
[WhiteElo "1538"]
[BlackElo "1744"]
[PlyCount "97"]
[EventDate "2013.??.??"]
[WhiteTeam "Drewer (Marl) SG"]
[BlackTeam "SC Hauptstuhl"]

1. d4 d5 2. Nf3 g6 3. Bf4 Bg7 4. c3 Nf6 5. h3 O-O 6. Nbd2 c6 7. e3 Nbd7 8. Be2
Re8 9. Ne5 Nxe5 10. dxe5 Nd7 11. Nf3 Qb6 12. Qb3 Qxb3 13. axb3 Nc5 14. Nd2 Bf5
15. g4 Be6 16. b4 Nd7 17. Nf3 Nf8 18. Nd4 Bd7 19. g5 f6 20. exf6 exf6 21. Bg4
f5 22. Be2 Bxd4 23. cxd4 Ne6 24. f3 Nxf4 25. exf4 Re3 26. Ra3 Rae8 27. Rxe3
Rxe3 28. Kd2 Rb3 29. Kc2 Rxb4 30. Kc3 Ra4 31. Rd1 Kf7 32. Kb3 Ra5 33. Kb4 b6
34. Rc1 Ke7 35. Kc3 Kd6 36. Kb4 c5+ 37. dxc5+ Rxc5 38. Rc3 a5+ 39. Kb3 Be6 40.
Kc2 d4 41. Rxc5 Kxc5 42. h4 a4 43. Bd3 b5 44. Kd2 b4 45. Bc2 a3 46. bxa3 bxa3
47. Kc1 Kc4 48. Ba4 d3 49. Kb1 0-1

[Event "Offene Hessische Senioren Einzelmeisters"]
[Site "Bad Sooden- Allendorf"]
[Date "2013.04.27"]
[Round "8.70"]
[White "Brueckner, Ewald"]
[Black "Bendisch, Dr. Jürgen"]
[Result "1/2-1/2"]
[WhiteElo "1526"]
[BlackElo "1701"]
[PlyCount "66"]
[EventDate "2013.??.??"]
[WhiteTeam "1.Hainstädter SC 1950"]
[BlackTeam "SV Hennef 1927 e.V."]

1. f4 Nf6 2. Nf3 g6 3. e3 d6 4. Be2 Bg7 5. O-O O-O 6. c3 b6 7. d4 Bb7 8. Nfd2
c5 9. Bf3 Qc7 10. Bxb7 Qxb7 11. Qf3 Qxf3 12. Nxf3 Nbd7 13. Nbd2 d5 14. Ne5 e6
15. Nxd7 Nxd7 16. b3 Rfc8 17. Nf3 Nf6 18. Bb2 Ne4 19. Rac1 Kf8 20. Ng5 h6 21.
Nxe4 dxe4 22. Rf2 Ke8 23. dxc5 Rxc5 24. c4 Bxb2 25. Rxb2 Rd8 26. Kf2 b5 27. Ke2
Rdc8 28. Rbc2 bxc4 29. Rxc4 Rxc4 30. Rxc4 Rxc4 31. bxc4 Kd7 32. Kd2 Kc6 33. g3
Kc5 1/2-1/2

[Event "Offene Hessische Senioren Einzelmeisters"]
[Site "Bad Sooden- Allendorf"]
[Date "2013.04.27"]
[Round "8.71"]
[White "Scholze, Roland"]
[Black "Rother, Wilfried"]
[Result "1-0"]
[WhiteElo "1686"]
[BlackElo "1545"]
[PlyCount "85"]
[EventDate "2013.??.??"]
[WhiteTeam "SV Lok Dresden"]
[BlackTeam "SK 1950 Vellmar"]

1. e4 d6 2. d4 a6 3. Nc3 g6 4. Be3 Bg7 5. Qd2 b5 6. Bd3 Nf6 7. Nce2 Ng4 8. Bf4
Bd7 9. h3 Nf6 10. Nf3 O-O 11. Bh6 c5 12. c3 Nc6 13. Bxg7 Kxg7 14. dxc5 dxc5 15.
O-O Qc7 16. Qe3 Qa7 17. c4 Nb4 18. e5 Nxd3 19. exf6+ exf6 20. Qxd3 bxc4 21.
Qxc4 Rfe8 22. Rfe1 Rab8 23. b3 Rb4 24. Qc3 Rbe4 25. Ng3 Rxe1+ 26. Rxe1 Rxe1+
27. Nxe1 Qc7 28. Nd3 Qd6 29. Nxc5 Bc6 30. Nce4 Qe6 31. Nc5 Qd5 32. Nge4 Qf5 33.
f3 h5 34. Qd4 h4 35. Nd3 g5 36. Ndf2 Qf4 37. Qc3 Ba8 38. Ng4 Bxe4 39. fxe4 Kg6
40. Qd3 Qc7 41. Qf1 Qd6 42. Qf5+ Kg7 43. e5 1-0

[Event "Offene Hessische Senioren Einzelmeisters"]
[Site "Bad Sooden- Allendorf"]
[Date "2013.04.27"]
[Round "8.72"]
[White "Hartlaub, Marianne"]
[Black "Marinoni, Rainer"]
[Result "1-0"]
[WhiteElo "1388"]
[BlackElo "1146"]
[Annotator ",Microsoft"]
[PlyCount "39"]
[EventDate "2013.??.??"]
[WhiteTeam "SK 1982 Klingenberg/Main"]
[BlackTeam "SC Eschwege"]

1. Nf3 Nf6 2. c4 c5 3. g3 Nc6 4. Bg2 d6 5. O-O e5 6. Nc3 Be7 7. b3 O-O 8. Bb2
Rb8 9. d3 Re8 10. h3 Qd7 11. Kh2 Nd4 12. Ng1 Kh8 13. a3 Ne6 14. e3 Bf8 15. Qc2
g6 16. Rad1 Bg7 17. d4 exd4 18. exd4 Qe7 19. dxc5 Nxc5 20. Nge2 {fehlende
Notation} 1-0

[Event "Offene Hessische Senioren Einzelmeisters"]
[Site "Bad Sooden- Allendorf"]
[Date "2013.04.27"]
[Round "8.73"]
[White "Schneider, Hans"]
[Black "Smits, Oswald"]
[Result "0-1"]
[WhiteElo "1491"]
[BlackElo "1678"]
[PlyCount "64"]
[EventDate "2013.??.??"]
[WhiteTeam "SV Schwarz-Weiß Oberha"]
[BlackTeam "Sfr. Taunus Königstein/Schwalbac"]

1. Nf3 d5 2. d3 g6 3. g3 Bg7 4. Bg2 Nd7 5. Nbd2 Ngf6 6. O-O O-O 7. Re1 b6 8. e4
dxe4 9. dxe4 e5 10. b3 Bb7 11. Bb2 Re8 12. b4 Qe7 13. a3 b5 14. Re3 c5 15. c3
c4 16. h3 Rad8 17. Qc2 Nb6 18. Rae1 Bh6 19. R3e2 Bc8 20. Nf1 Rd3 21. Bc1 Bxc1
22. Qxc1 Na4 23. Qc2 Rxc3 24. Qa2 Rd3 25. Qa1 Nc3 26. Re3 Rxe3 27. Rxe3 Nfxe4
28. Kh2 Bb7 29. N3d2 Nxd2 30. Nxd2 Bxg2 31. Kxg2 Nd5 32. Qe1 Nxe3+ 0-1

[Event "Offene Hessische Senioren Einzelmeisters"]
[Site "Bad Sooden- Allendorf"]
[Date "2013.04.27"]
[Round "8.74"]
[White "Becker, Günter"]
[Black "Graffenberger, Wilhelm"]
[Result "0-1"]
[WhiteElo "1674"]
[BlackElo "1515"]
[PlyCount "86"]
[EventDate "2013.??.??"]
[WhiteTeam "SC Steinbach"]
[BlackTeam "Hamburger SK von 1830 eV"]

1. c4 e5 2. g3 Bc5 3. Bg2 d6 4. Nc3 a6 5. e3 Nf6 6. b4 Ba7 7. Nge2 O-O 8. O-O
c6 9. d4 Nbd7 10. Bb2 Rb8 11. Qc2 Nb6 12. c5 Nbd5 13. a3 exd4 14. exd4 Be6 15.
Bc1 Qd7 16. Be3 Rfe8 17. Rfe1 Bf5 18. Qd2 Ne4 19. Nxe4 Bxe4 20. f3 Bxf3 21.
Bxf3 Nxe3 22. Nc3 Nc4 23. Qf4 Rxe1+ 24. Rxe1 dxc5 25. dxc5 Nxa3 26. Bg4 Qd8 27.
Rd1 Qf8 28. Rd7 Rd8 29. Rxb7 Bxc5+ 30. bxc5 Qxc5+ 31. Kg2 Qxc3 32. Qxf7+ Kh8
33. Qe7 Qd2+ 34. Be2 Qd5+ 35. Kh3 Rg8 36. Qxa3 Qe6+ 37. Bg4 Qh6+ 38. Kg2 Qd2+
39. Kf3 Qd5+ 40. Kf4 g5+ 41. Ke3 Re8+ 42. Kf2 Qd2+ 43. Kf3 Qe2# 0-1

[Event "Offene Hessische Senioren Einzelmeisters"]
[Site "Bad Sooden- Allendorf"]
[Date "2013.04.27"]
[Round "8.75"]
[White "Jung, Prof. Michael"]
[Black "Otto, Klaus"]
[Result "1-0"]
[WhiteElo "1669"]
[BlackElo "1520"]
[PlyCount "151"]
[EventDate "2013.??.??"]
[WhiteTeam "SV Osnabrück"]
[BlackTeam "Thüringer SV Triebes"]

1. g3 Nf6 2. Bg2 Nc6 3. d3 g6 4. Nd2 Bg7 5. e3 d5 6. Ne2 Bd7 7. h3 O-O 8. O-O
Re8 9. Rb1 e5 10. b3 Qc8 11. Kh2 a5 12. a3 Ra6 13. Bb2 b5 14. Re1 Re6 15. f4
exf4 16. exf4 Re7 17. Nf3 Ne8 18. Bxg7 Nxg7 19. d4 f6 20. Nc3 Be6 21. Nxb5 Nb8
22. Qd2 c6 23. Nc3 Raa7 24. Re2 Bf7 25. Rbe1 Rxe2 26. Rxe2 Qd8 27. Na4 Nd7 28.
Qe1 Kf8 29. Qc3 Qc7 30. Nc5 Nb8 31. h4 h5 32. Bh3 Qd6 33. Qe1 f5 34. Ne5 Be8
35. Bg2 Nd7 36. Ncxd7+ Bxd7 37. a4 Be8 38. Bf1 Qb4 39. Qxb4+ axb4 40. Kg2 Re7
41. Kf2 Ne6 42. Ke3 Nd8 43. Kd3 Nb7 44. Bg2 Nd6 45. c3 bxc3 46. Kxc3 Ne4+ 47.
Bxe4 fxe4 48. b4 Ra7 49. Ra2 Ke7 50. Kb3 Kd6 51. Rc2 Rc7 52. Rc5 Rb7 53. a5 Rb5
54. Rc1 Kc7 55. Kc3 Rb8 56. Kb3 Kb7 57. Rf1 Rc8 58. f5 gxf5 59. Rxf5 Rc7 60. g4
hxg4 61. Nxg4 Rg7 62. Rg5 Rf7 63. Ne5 Rh7 64. Rg4 Bh5 65. Rf4 Rg7 66. Rf5 Bd1+
67. Kc3 e3 68. Rf7+ Rxf7 69. Nxf7 Bf3 70. Ng5 Bg4 71. Nf7 Be2 72. Nd8+ Kc7 73.
Ne6+ Kb7 74. Nf4 Bf1 75. h5 e2 76. Kd2 1-0

[Event "Offene Hessische Senioren Einzelmeisters"]
[Site "Bad Sooden- Allendorf"]
[Date "2013.04.27"]
[Round "8.76"]
[White "Husser, Oskar"]
[Black "Minarsch, Hans"]
[Result "1-0"]
[WhiteElo "1664"]
[BlackElo "1512"]
[PlyCount "77"]
[EventDate "2013.??.??"]
[WhiteTeam "SC Caissa Falkensee e.V."]
[BlackTeam "1.Hainstädter SC 1950"]

1. Nf3 Nf6 2. c4 e6 3. g3 d5 4. Bg2 Be7 5. O-O O-O 6. b3 dxc4 7. bxc4 c5 8. Bb2
Nc6 9. d3 Qc7 10. Nbd2 Rd8 11. Rc1 e5 12. Ne1 Rb8 13. Rc2 Nd4 14. Rc3 Bg4 15.
f3 Be6 16. Nc2 Qd7 17. Nb3 Bh3 18. Ncxd4 exd4 19. Rc2 Bxg2 20. Kxg2 Qe6 21. Bc1
b6 22. a4 Qc6 23. Ra2 a5 24. Nd2 Ng4 25. Ne4 Ne5 26. Bf4 Qe6 27. Rb2 h6 28. h4
f5 29. Nf2 Bd6 30. Qd2 Ng6 31. Bxd6 Qxd6 32. Rfb1 Re8 33. Nh3 Qc7 34. h5 Ne7
35. Nf4 Qd6 36. Kf2 Nc6 37. Rxb6 Rxb6 38. Rxb6 Rb8 39. Qxa5 1-0

[Event "Offene Hessische Senioren Einzelmeisters"]
[Site "Bad Sooden- Allendorf"]
[Date "2013.04.27"]
[Round "8.77"]
[White "Klüver, Horst"]
[Black "Burkardt, Robert"]
[Result "1-0"]
[WhiteElo "1644"]
[BlackElo "1507"]
[PlyCount "79"]
[EventDate "2013.??.??"]
[WhiteTeam "SV Merkur Hademarschen"]
[BlackTeam "SV 1926 Fechenheim"]

1. e4 c5 2. Nf3 Nc6 3. d4 cxd4 4. Nxd4 e5 5. Nf5 d6 6. Ng3 Nf6 7. Nc3 h6 8. h3
a6 9. Be3 Be7 10. Be2 O-O 11. O-O Be6 12. Nh5 Nxh5 13. Bxh5 Bg5 14. f4 exf4 15.
Bxf4 Bxf4 16. Rxf4 Qg5 17. Rf2 Bxh3 18. Bf3 Ne5 19. Nd5 Nxf3+ 20. Qxf3 Be6 21.
Rd1 Rac8 22. Ne3 Rc6 23. b3 b5 24. e5 Rb6 25. exd6 Rd8 26. d7 Qe7 27. Nd5 Bxd5
28. Qxd5 Qe3 29. Qxf7+ Kh8 30. Qf3 Qc5 31. Qd5 Qe3 32. Rd3 Qe7 33. Rff3 Re6 34.
Qd4 Re1+ 35. Kh2 Re2 36. c4 bxc4 37. bxc4 Rxa2 38. Rfe3 Qg5 39. Re8+ Kh7 40.
Qe4+ 1-0

[Event "Offene Hessische Senioren Einzelmeisters"]
[Site "Bad Sooden- Allendorf"]
[Date "2013.04.27"]
[Round "8.78"]
[White "Lübbecke, Gerd"]
[Black "Fromme, Werner"]
[Result "0-1"]
[WhiteElo "1478"]
[BlackElo "1643"]
[PlyCount "56"]
[EventDate "2013.??.??"]
[WhiteTeam "SC Friedrichsthal"]
[BlackTeam "SG Witten"]

1. e4 c5 2. Nc3 Nc6 3. Bb5 Nd4 4. Bd3 g6 5. Nge2 Bg7 6. Nxd4 cxd4 7. Ne2 e6 8.
c3 dxc3 9. dxc3 Ne7 10. O-O b6 11. Be3 Bb7 12. Nd4 O-O 13. Qg4 d5 14. Rad1 e5
15. Nf3 Qc7 16. Qh4 f6 17. Bh6 dxe4 18. Bxe4 Bxe4 19. Bxg7 Bxf3 20. Bxf8 Nf5
21. Qxf6 Bxd1 22. Rxd1 Rxf8 23. Qe6+ Rf7 24. Qe8+ Kg7 25. Rd8 Kh6 26. g3 Qe7
27. Qg8 Qf6 28. Rd6 Nxd6 0-1

[Event "Offene Hessische Senioren Einzelmeisters"]
[Site "Bad Sooden- Allendorf"]
[Date "2013.04.27"]
[Round "8.79"]
[White "Grasmik, Waldemar"]
[Black "Schütze, Manfred"]
[Result "0-1"]
[WhiteElo "1358"]
[BlackElo "1629"]
[Annotator ",Microsoft"]
[PlyCount "22"]
[EventDate "2013.??.??"]
[WhiteTeam "TSV 1876 Bad Kissingen"]
[BlackTeam "VfL Gräfenhainichen"]

1. e3 Nf6 2. Nc3 d5 3. d4 e6 4. g3 c5 5. h4 cxd4 6. Qxd4 Nc6 7. Qd1 d4 8. Nb1
Qd5 9. Nf3 e5 10. Bg2 e4 11. Ng1 Bd6 {nicht rekonstruierbar} 0-1

[Event "Offene Hessische Senioren Einzelmeisters"]
[Site "Bad Sooden- Allendorf"]
[Date "2013.04.27"]
[Round "8.80"]
[White "Köllmer, Hans"]
[Black "Stuiber, Wilhelm"]
[Result "0-1"]
[WhiteElo "1305"]
[BlackElo "1627"]
[PlyCount "98"]
[EventDate "2013.??.??"]
[WhiteTeam "Sfr.Heidesheim"]
[BlackTeam "SK Turm Euskirchen 65"]

1. d4 d5 2. Bf4 e6 3. Nf3 f5 4. e3 Nf6 5. Nbd2 c6 6. Be2 Be7 7. Ne5 O-O 8. h4
Ne4 9. Ndf3 Nd7 10. Nxd7 Bxd7 11. Be5 Be8 12. c3 Bh5 13. g3 Bxf3 14. Bxf3 Bd6
15. Bxd6 Qxd6 16. Bxe4 fxe4 17. Qe2 Rf3 18. O-O-O Raf8 19. Rh2 b5 20. Qd2 R8f7
21. Rg2 Qf8 22. Rf1 g6 23. Qe2 Qh6 24. Rgg1 Qf8 25. Rg2 Qd8 26. b4 g5 27. Rh1
g4 28. Qc2 Qf8 29. Rhh2 h5 30. Kd1 a5 31. a3 Qa8 32. Ke2 Ra7 33. Rh1 axb4 34.
cxb4 Rxa3 35. Rb1 Ra2 36. Rb2 Rxb2 37. Qxb2 Rf7 38. Kf1 Ra7 39. Kg1 Ra2 40. Qc3
Ra6 41. Qc5 Qf8 42. Qc3 Qd6 43. Kh2 Ra4 44. Qc5 Qxc5 45. bxc5 Ra2 46. Kg1 Ra1+
47. Kh2 b4 48. f4 b3 49. Rb2 Ra2 0-1

[Event "Offene Hessische Senioren Einzelmeisters"]
[Site "Bad Sooden- Allendorf"]
[Date "2013.04.27"]
[Round "8.81"]
[White "Viererbe, Hartmut"]
[Black "Kluge, Hans C"]
[Result "1-0"]
[WhiteElo "1607"]
[BlackElo "1371"]
[PlyCount "71"]
[EventDate "2013.??.??"]
[WhiteTeam "SC 51 Nordhausen"]
[BlackTeam "Bahn-SC Wuppertal"]

1. Nf3 Nf6 2. c4 d6 3. d4 g6 4. Nc3 Bg7 5. e4 O-O 6. Be2 e5 7. d5 Na6 8. O-O c5
9. Ne1 Nc7 10. Nd3 Qe8 11. Rb1 b5 12. Nxb5 Nxb5 13. cxb5 Nxe4 14. f3 Nf6 15.
Nf2 Bf5 16. Ra1 Qe7 17. Re1 Qb7 18. Bc4 Rfe8 19. Bg5 h6 20. Bxf6 Bxf6 21. a4
Re7 22. g4 Bc8 23. Ne4 Bh4 24. Nxd6 Qc7 25. Nxc8 Qxc8 26. Re4 Kg7 27. d6 Rd7
28. Rxe5 Bf6 29. f4 Bxe5 30. fxe5 Qd8 31. Qf3 Qf8 32. Rf1 f5 33. gxf5 gxf5 34.
Qh5 Kh8 35. Rxf5 Rg7+ 36. Kh1 1-0

[Event "Offene Hessische Senioren Einzelmeisters"]
[Site "Bad Sooden- Allendorf"]
[Date "2013.04.27"]
[Round "8.82"]
[White "Baier, Peter"]
[Black "Kleist, Werner"]
[Result "0-1"]
[WhiteElo "1479"]
[BlackElo "1900"]
[PlyCount "94"]
[EventDate "2013.??.??"]
[WhiteTeam "TTC Blau-Weiß Geldern Veert e.V."]
[BlackTeam "Berlin"]

1. Nf3 d5 2. d4 Nc6 3. Bf4 e6 4. e3 a6 5. Be2 Nf6 6. h3 Ne7 7. Nbd2 Ng6 8. Bh2
c5 9. c3 c4 10. O-O Be7 11. b3 b5 12. bxc4 bxc4 13. Qc2 O-O 14. e4 h6 15. exd5
exd5 16. Rfe1 Be6 17. Ne5 Nxe5 18. Bxe5 Bd6 19. Nf3 Bxe5 20. Nxe5 Qc7 21. Bf3
Rab8 22. Qa4 Rb6 23. Reb1 Bf5 24. Rb4 Rxb4 25. cxb4 c3 26. Qxa6 c2 27. Qa3 Rc8
28. Rc1 Qb6 29. Qb3 Qc7 30. a3 Qc3 31. Qxc3 Rxc3 32. Be2 Rxa3 33. Kh2 Rb3 34.
Nd3 Bxd3 35. Bxd3 Rxd3 36. Rxc2 Kf8 37. b5 Rxd4 38. b6 Rb4 39. Rc6 Nd7 40. Rc8+
Ke7 41. Rg8 g6 42. Rh8 d4 43. Rc8 Rxb6 44. Rc1 Rd6 45. f4 d3 46. Rd1 Nc5 47.
Kg1 d2 0-1

[Event "Offene Hessische Senioren Einzelmeisters"]
[Site "Bad Sooden- Allendorf"]
[Date "2013.04.27"]
[Round "8.83"]
[White "Wittmann, Georg"]
[Black "Ludwig, Richard"]
[Result "1-0"]
[WhiteElo "1805"]
[BlackElo "1451"]
[PlyCount "109"]
[EventDate "2013.??.??"]
[WhiteTeam "SV 51 Zerbst"]
[BlackTeam "SV Irxleben von 1919"]

1. c4 e5 2. Nc3 Nc6 3. Nf3 Nf6 4. g3 b6 5. Bg2 Rb8 6. O-O Bb7 7. a3 a5 8. e3
Be7 9. d4 exd4 10. exd4 O-O 11. d5 Na7 12. Qd3 Ne8 13. Bf4 d6 14. Nd4 Bc8 15.
b4 Bg5 16. Bxg5 Qxg5 17. Rfe1 Bd7 18. Rab1 axb4 19. axb4 g6 20. Ne4 Qd8 21. Qd2
Ng7 22. Re2 Re8 23. Rbe1 Kh8 24. Qh6 f6 25. Kf1 Re5 26. Qc1 Qf8 27. f4 Ree8 28.
b5 Re7 29. Qa1 Nc8 30. Nc6 Bxc6 31. dxc6 Rf7 32. Bh3 Ne7 33. Nxf6 Rxf6 34. Rxe7
Rf7 35. Qa7 Rxe7 36. Rxe7 Qxe7 37. Qxb8+ Ne8 38. Bd7 Qe3 39. Qxe8+ Qxe8 40.
Bxe8 Kg7 41. Ke2 h6 42. h4 Kf6 43. Kf3 g5 44. hxg5+ hxg5 45. Ke4 gxf4 46. gxf4
Ke7 47. Bg6 Kf6 48. f5 Ke7 49. Bh5 Kf6 50. Kf4 Ke7 51. Bf3 Kf6 52. Bd5 Kg7 53.
Kg5 Kf8 54. Kg6 Ke7 55. Kg7 1-0

[Event "Offene Hessische Senioren Einzelmeisters"]
[Site "Bad Sooden- Allendorf"]
[Date "2013.04.27"]
[Round "8.84"]
[White "Garbe, Eckhard"]
[Black "Fritsch, Wolfgang"]
[Result "0-1"]
[WhiteElo "1434"]
[BlackElo "1613"]
[PlyCount "70"]
[EventDate "2013.??.??"]
[WhiteTeam "SV Blau-Weiß Grevesmühlen"]
[BlackTeam "SV Empor Bad Langensalza"]

1. d4 Nf6 2. Nf3 d6 3. c4 b6 4. g3 Bb7 5. Bg2 e6 6. O-O c5 7. Nc3 Be7 8. Bg5
O-O 9. Re1 h6 10. Bxf6 Bxf6 11. d5 Bxc3 12. bxc3 e5 13. e4 Bc8 14. h3 f5 15.
exf5 Bxf5 16. Nd2 Qf6 17. Qf3 Qg6 18. Qe3 Nd7 19. Be4 Nf6 20. Bxf5 Qxf5 21. Kg2
Rae8 22. Ne4 Nxe4 23. Qxe4 Qxf2+ 24. Kh1 Qxg3 25. Re3 Qf4 26. Qd3 Rf6 27. Rg1
Ref8 28. Reg3 R8f7 29. Qe2 g5 30. a3 Qh4 31. Qd3 Kg7 32. Rg4 Qh5 33. h4 Rf3 34.
Rxg5+ hxg5 35. Rxg5+ Qxg5 0-1

[Event "Offene Hessische Senioren Einzelmeisters"]
[Site "Bad Sooden- Allendorf"]
[Date "2013.04.27"]
[Round "8.85"]
[White "Janzen, Christian"]
[Black "Maczollek, Helmut"]
[Result "1/2-1/2"]
[WhiteElo "1597"]
[BlackElo "1353"]
[Annotator ",Microsoft"]
[PlyCount "89"]
[EventDate "2013.??.??"]
[WhiteTeam "TSV Marienfelde 1890 e.V."]
[BlackTeam "SK Turm Lage 1926"]

1. e4 d6 2. d4 Nf6 3. f3 c6 4. c3 Nbd7 5. Bd3 Qc7 6. Be3 e5 7. Ne2 Be7 8. O-O
O-O 9. Nd2 a6 10. Qe1 c5 11. Qf2 b5 12. d5 c4 13. Bc2 Rb8 14. a3 Re8 15. h3 Nf8
16. f4 exf4 17. Bxf4 Ng6 18. Nd4 Bd7 19. Bh2 Bd8 20. Rae1 Ne5 21. g4 h6 22.
N2f3 Rf8 23. Nf5 Bxf5 24. gxf5 Nh7 25. Nxe5 dxe5 26. Kh1 Bf6 27. Rg1 Qd8 28.
Rg4 Qd6 29. Qe3 Bg5 30. Qg1 Bf6 31. Re2 Kh8 32. Reg2 Rg8 33. h4 Qb6 34. Qe1 Qd6
35. h5 Ng5 $11 36. Qg3 Rbe8 37. Bg1 Ra8 38. Be3 Qe7 39. Kh2 Rab8 40. Qf2 Rbc8
41. Rg1 Nh7 42. Qg2 Bg5 43. Bxg5 Nxg5 44. Rd1 Rcd8 45. Kh1 1/2-1/2

[Event "Offene Hessische Senioren Einzelmeisters"]
[Site "Bad Sooden- Allendorf"]
[Date "2013.04.27"]
[Round "8.86"]
[White "Heil, Rudolf"]
[Black "Kage, August"]
[Result "1/2-1/2"]
[WhiteElo "1583"]
[BlackElo "1346"]
[PlyCount "43"]
[EventDate "2013.??.??"]
[WhiteTeam "SC Starnberg"]
[BlackTeam "ESV Rot-Weiß Göttingen"]

1. c4 c5 2. g3 e6 3. Bg2 Nf6 4. e4 Qc7 5. Nc3 a6 6. Nge2 d6 7. O-O Be7 8. d3
O-O 9. a3 Nbd7 10. b4 Rb8 11. b5 a5 12. f4 b6 13. a4 Re8 14. h3 Nf8 15. Rf2 Bb7
16. Qf1 Ng6 17. Bf3 Rbd8 18. Qg2 Ba8 19. Be3 Rf8 20. Rd1 Nd7 21. Bc1 f5 22. Bb2
1/2-1/2

[Event "Offene Hessische Senioren Einzelmeisters"]
[Site "Bad Sooden- Allendorf"]
[Date "2013.04.27"]
[Round "8.87"]
[White "Köhler, Marianne"]
[Black "Paulin, Dieter"]
[Result "1-0"]
[WhiteElo "1438"]
[BlackElo "1566"]
[PlyCount "131"]
[EventDate "2013.??.??"]
[WhiteTeam "SG 2011 Sennewit"]
[BlackTeam "SK Dingelstädt 1921"]

1. e4 c5 2. c3 e5 3. Nf3 d6 4. h3 Nc6 5. Be2 Nf6 6. d3 h6 7. Na3 a6 8. Nc2 Be7
9. Nh2 b6 10. f4 Bb7 11. O-O Qc7 12. Ne3 exf4 13. Rxf4 O-O-O 14. Nhg4 Ne5 15.
Nxf6 gxf6 16. Nf5 Bf8 17. Bh5 d5 18. Qe2 dxe4 19. dxe4 c4 20. Nd4 Be7 21. Be3
Rd6 22. Nf5 Rc6 23. Nxe7+ Qxe7 24. Bd4 Kb8 25. Bxe5+ Qxe5 26. Rf5 Qe7 27. e5
Rg8 28. Bf3 Rc5 29. Bxb7 Kxb7 30. Qf3+ Rc6 31. Rxf6 Qc5+ 32. Kh1 Re8 33. Rxc6
Qxc6 34. Qxf7+ Kc8 35. Re1 Qe6 36. Qxe6+ Rxe6 37. g4 Kd7 38. Kg2 b5 39. Kf3 Rc6
40. Ke4 Ke6 41. Rf1 Ke7 42. Kd5 Re6 43. Rf5 Rg6 44. Rh5 Rb6 45. g5 hxg5 46.
Rxg5 Rh6 47. Rg7+ Kf8 48. Ra7 Rxh3 49. Rxa6 Rd3+ 50. Ke6 Rd2 51. b3 cxb3 52.
axb3 Rd3 53. Rb6 Rxc3 54. Rxb5 Rc6+ 55. Kd5 Rg6 56. b4 Ke7 57. Rb7+ Kd8 58. b5
Kc8 59. Rh7 Rb6 60. Kc5 Re6 61. Rh5 Kb7 62. Rf5 Kc7 63. Rf7+ Kc8 64. Kd5 Rb6
65. e6 Rxb5+ 66. Kc6 1-0

[Event "Offene Hessische Senioren Einzelmeisters"]
[Site "Bad Sooden- Allendorf"]
[Date "2013.04.27"]
[Round "8.88"]
[White "Wauer, Klaus"]
[Black "Brahn, Helmut"]
[Result "1-0"]
[WhiteElo "1399"]
[BlackElo "1547"]
[PlyCount "91"]
[EventDate "2013.??.??"]
[WhiteTeam "SC 51 Nordhausen"]
[BlackTeam "SG Springer Burghaun"]

1. e4 c5 2. Nf3 d6 3. d4 cxd4 4. Nxd4 Nf6 5. Nc3 a6 6. h3 e6 7. Be3 Bd7 8. Qd2
Nc6 9. Be2 Be7 10. g4 Rc8 11. g5 Ng8 12. Nxc6 Bxc6 13. O-O-O g6 14. Rhg1 Qc7
15. Bg4 Rd8 16. f4 Bf8 17. Qf2 Qb8 18. Bb6 Bg7 19. Bxd8 Qxd8 20. Qd2 Bf8 21. f5
a5 22. Be2 Nf6 23. Qd3 Nd7 24. Qd4 e5 25. Qf2 Nc5 26. fxg6 fxg6 27. Rdf1 Qd7
28. Qf6 Qg7 29. Qxg7 Bxg7 30. Bd3 b5 31. Nd5 Bxd5 32. exd5 e4 33. Be2 b4 34.
Rg2 a4 35. Rgf2 Bd4 36. Rf7 Rg8 37. h4 Rg7 38. Bb5+ Kd8 39. Rxg7 Bxg7 40. Rf7
Be5 41. Rxh7 Bg3 42. Rg7 Bxh4 43. Rxg6 Bg3 44. Rg8+ Ke7 45. Rg7+ Kf8 46. Rh7
1-0